[Event "Manaus op"]
[White "Costa, Francisco Passos"]
[Black "Pessoa, Marcio de Souza"]
[Site "Manaus"]
[Round "5"]
[Result "0-1"]
[Date "2024.10.14"]
[WhiteElo "1711"]
[BlackElo "1907"]
[PlyCount "60"]
[EventDate "2024.10.11"]
[EventType "swiss"]
[EventRounds "9"]
[EventCountry "BRA"]
[SourceTitle "CB43_2024"]
[Source "Chessbase"]
[SourceDate "2024.10.23"]
[SourceVersion "1"]
[SourceVersionDate "2024.10.23"]
[SourceQuality "1"]

1. e4 c6 2. d4 d5 3. Nc3 dxe4 4. Nxe4 Nd7 5. Bc4 Ngf6 6. Nxf6+ Nxf6 7. c3 Bf5 8. Qb3 e6 9. Qxb7 Be4 10. f3 Bd5 11. Bxd5 cxd5 12. Bg5 Be7 13. Qc6+ Kf8 14. Ne2 h6 15. Bh4 Rb8 16. Rb1 Qa5 17. Bxf6 gxf6 18. Nc1 Kg7 19. b4 Qa3 20. Qc7 Rbc8 21. Qxe7 Qxc3+ 22. Kf1 Qe3 23. Ne2 Rc2 24. Re1 Rhc8 25. Qd6 e5 26. Qa6 R8c4 27. dxe5 fxe5 28. Qxc4 dxc4 29. Rg1 Rxa2 30. f4 exf4 0-1

[Event "Manaus op"]
[White "Costa, Francisco Passos"]
[Black "Pinero Rodriguez, Carlos Jose"]
[Site "Manaus"]
[Round "1"]
[Result "0-1"]
[Date "2024.10.11"]
[WhiteElo "1711"]
[BlackElo "2305"]
[PlyCount "64"]
[EventDate "2024.10.11"]
[EventType "swiss"]
[EventRounds "9"]
[EventCountry "BRA"]
[SourceTitle "CB43_2024"]
[Source "Chessbase"]
[SourceDate "2024.10.23"]
[SourceVersion "1"]
[SourceVersionDate "2024.10.23"]
[SourceQuality "1"]

1. e4 c5 2. d4 cxd4 3. c3 d3 4. Bxd3 Nc6 5. c4 g6 6. Nf3 Bg7 7. 0-0 d6 8. h3 Nf6 9. Nc3 0-0 10. Be3 Nd7 11. Qd2 Nc5 12. Bb1 Be6 13. Nd5 Re8 14. Nd4 Rc8 15. f4 Bxd5 16. exd5 Nxd4 17. Bxd4 Bxd4+ 18. Qxd4 Qb6 19. b3 e5 20. dxe6 Rxe6 21. f5 Re2 22. fxg6 hxg6 23. Qd5 Ne6+ 24. Kh1 Qe3 25. Qxb7 Rf8 26. Qf3 Qe5 27. Bd3 Re3 28. Qd1 Nf4 29. Bc2 Nxg2 30. Qg4 Rg3 31. Qd7 Nf4 32. h4 Qe2 0-1